Urban growth dynamics in a regional cluster of cities (Record no. 61015)
[ view plain ]
| 000 -LEADER | |
|---|---|
| fixed length control field | 00601nam a2200157 a 4500 |
| 008 - FIXED-LENGTH DATA ELEMENTS--GENERAL INFORMATION | |
| fixed length control field | 120416s1977 ||||||||||||||||| || u |
| 050 ## - LIBRARY OF CONGRESS CALL NUMBER | |
| Classification number | HT 123 Cha |
| 100 ## - MAIN ENTRY--PERSONAL NAME | |
| Personal name | Chapin, Francis Stuart |
| 245 10 - TITLE STATEMENT | |
| Title | Urban growth dynamics in a regional cluster of cities |
| 246 ## - VARYING FORM OF TITLE | |
| Title proper/short title | ed. by F. Stuart Chapin |
| 260 ## - PUBLICATION, DISTRIBUTION, ETC. | |
| Place of publication, distribution, etc. | Huntington, N.Y. |
| Name of publisher, distributor, etc. | Robert E. Krieger Publishing |
| Date of publication, distribution, etc. | 1977 |
| 300 ## - PHYSICAL DESCRIPTION | |
| Extent | x, 484p. : ill. |
| 350 ## - PRICE (NR) (BK AM CF MU VM SE) [OBSOLETE] | |
| Price | 0.00 |
| 700 ## - ADDED ENTRY--PERSONAL NAME | |
| Personal name | Krieger, Robert E |
| 995 ## - RECOMMENDATION 995 [LOCAL, UNIMARC FRANCE] | |
| -- | 0.00 |
| -- | CBU-MAIN LIBRARY (Kitwe) |
| -- | 1 |
| -- | 0.00 |
| -- | 1 |
| -- | AVAILABLE |
| -- | Main Library Open Access Collection |
| Withdrawn status | Lost status | Source of classification or shelving scheme | Damaged status | Not for loan | Home library | Current library | Shelving location | Date acquired | Total Checkouts | Full call number | Barcode | Date last seen | Price effective from | Koha item type |
|---|---|---|---|---|---|---|---|---|---|---|---|---|---|---|
| CBU-MAIN LIBRARY, KITWE. | CBU-MAIN LIBRARY, KITWE. | 11/30/2022 | HT 123 Cha | 008608 | 11/30/2022 | 11/30/2022 | MONOGRAPH |